| 000 | 00937nam a2200301 4500 | ||
|---|---|---|---|
| 003 | EC-UNACH | ||
| 005 | 20251021142844.0 | ||
| 006 | s||||gr|||| 00| 00 | ||
| 008 | 150116t9999 mx r gr 000 0 spa d | ||
| 020 | _a978-958-648-520-3 | ||
| 040 |
_aEC-UNACH _cEC-UNACH |
||
| 041 | _aspa | ||
| 082 | 0 | 4 |
_223 _a302.2 _bL007128 |
| 110 | _aEcoe ediciones | ||
| 245 | _aComunicación afectiva | ||
| 250 | _aPrimera edición | ||
| 264 |
_aColombia _bEcoe ediciones _c2007 |
||
| 300 | _a94 | ||
| 505 | _aParte 1- Comunicación afectiva Parte 2- Elementos esenciales vinculados al desarrollo de la función afectiva de la comunicación Parte 3- intelecto y afectividad | ||
| 650 | _aFunsión afectiva | ||
| 650 | _aLa autoestima | ||
| 650 | _aIntelecto | ||
| 700 | _aRuth Mary Lugo Galindo | ||
| 942 |
_2ddc _c1 |
||
| 999 | _c14056 | ||